000 01108nam a2200337 i 4500
001 bg
245 0 0 _aIndonezja /
_c[przygot. ed. pol. Bogdan Rudnicki ; red. prowadzący Joanna Zaborowska ; tł. Arkadiusz Belczyk et al. ; red. Ewa Kosiba].
246 1 _iTyt. oryg.:
_aIndonesia
260 _aWarszawa :
_bMediaprofit,
_c2007.
300 _a[2], 423, [1] s. :
_bil. kolor. ;
_c23 cm.
490 1 _aBiblioteka Gazety Wyborczej. Podróże Marzeń ;
_v6
500 _aMapa i plan na wyklejkach.
504 _aIndeks.
651 9 _aIndonezja
655 _aPrzewodniki turystyczne
700 1 _aRudnicki, Bogdan
_d(1953- ).
_eOprac.
700 1 _aBelczyk, Arkadiusz.
_eTł.
700 1 _aZaborowska, Joanna.
_eRed.
700 1 _aKosiba, Ewa.
_eRed.
830 0 _aBiblioteka Gazety Wyborczej.
_pPodróże Marzeń (2007)
_v6
015 _aPB 18988/2007
020 _a9788360174661
040 _cBPK
041 1 _apol
_heng
044 _aPOL
080 _a913(594)(036)
920 _a978-83-60174-66-1
942 _cKS
008 070827s2007 pl a |001 0 pol
999 _c54250
_d54250
856 _uhttp://koha.tu.koszalin.pl/cgi-bin/koha/opac-detail.pl?biblionumber=54250
_yKatalog online BPK